[Event "Dos Hermanas-D"]
[Site "Dos Hermanas"]
[Date "2003.04.02"]
[Round "6.3"]
[White "Luque Ortiz, Jose Manuel"]
[Black "Caro Rodriguez, Juan Antonio"]
[Result "1/2-1/2"]
[WhiteElo "1876"]
[BlackElo "2160"]
[PlyCount "43"]
[EventDate "2003.03.28"]
[EventType "tourn"]
[EventRounds "9"]
[EventCountry "ESP"]
[SourceTitle "CBM 093 Extra"]
[Source "ChessBase"]
[SourceDate "2003.05.09"]
[SourceVersion "1"]
[SourceVersionDate "2003.05.09"]
[SourceQuality "1"]

1. e4 c5 2. Nf3 Nc6 3. d4 cxd4 4. Nxd4 e5 5. Nb3 Nf6 6. Bd3 d5 7. exd5 Nxd5 8. Bb5 Be6 9. Bxc6+ bxc6 10. 0-0 Be7 11. Re1 Qc7 12. Qh5 0-0 13. Qxe5 Bd6 14. Qh5 Nf6 15. Qh4 Rfe8 16. Bd2 Bxb3 17. cxb3 Rxe1+ 18. Bxe1 Re8 19. Nc3 Re5 20. h3 Qe7 21. Kf1 Rh5 22. Qc4 1/2-1/2